| 000 | 00420nam a22001457a 4500 | ||
|---|---|---|---|
| 020 | _a969-35-0821-1 | ||
| 082 |
_a507 _bDOC _cL-, P- |
||
| 100 |
_aS. Shabbir Hussian _938926 |
||
| 245 |
_aDr. A.Q. Khan on science and eduation _cS. Shabbir Hussian |
||
| 260 |
_aLahore _bSang-E-Meel Publications _c1997 |
||
| 300 |
_a249 p. _bill. : |
||
| 526 |
_a0 _b0 _c0 _d507_000000000000000_DOC |
||
| 650 |
_aMCE _9379 |
||
| 942 |
_2ddc _cBK |
||
| 999 |
_c543532 _d543532 |
||